| 000 | 00346nam a2200133Ia 4500 | ||
|---|---|---|---|
| 008 | 220217s9999 xx 000 0 und d | ||
| 245 | 0 | _aTesting of plastics and elastomers. Determination of density. | |
| 260 | _c1976 | ||
| 500 | _aStandard number: DIN 53 479 | ||
| 650 | _aDensity | ||
| 650 | _aElastomers | ||
| 650 | _aPlastics | ||
| 942 | _cST | ||
| 999 |
_c73315 _d73315 |
||